| 000 | 00829nam a2200241 4500 | ||
|---|---|---|---|
| 003 | OSt | ||
| 005 | 20240627072023.0 | ||
| 006 | a | ||
| 008 | 240627b |||||||| |||| 00| 0 eng d | ||
| 020 | _a9780838909720 | ||
| 040 |
_aDWCL-Main lib. _cOC |
||
| 082 | _aRes. 025.21 J68f 2009 | ||
| 100 | _aPeggy, Johnson | ||
| 245 | _aFundamentals of collection development and management / | ||
| 260 |
_aChicago: _bAmerican Library Association, _cc2009. |
||
| 300 |
_axiii, _b407 p. ; _c23 cm. |
||
| 504 | _aIncludes bibliographical references & index. | ||
| 650 | _a1. Collection development (Libraries). | ||
| 650 | _a2. Collection management (Libraries). | ||
| 650 | _a3. Collection development (Libraries)-United States. | ||
| 650 | _a4. Collection management (Libraries)-United States. | ||
| 942 |
_2ddc _n0 _cBK-0 CIRC _kRes. |
||
| 999 |
_c1514 _d1514 |
||